Swayam Prakash : (Record no. 1429322)

MARC details
000 -LEADER
fixed length control field 00557nam a2200193Ia 4500
005 - DATE AND TIME OF LATEST TRANSACTION
control field 20250704145112.0
008 - FIXED-LENGTH DATA ELEMENTS--GENERAL INFORMATION
fixed length control field 008 250516s9999 xx 000 0 hin d
020 ## - INTERNATIONAL STANDARD BOOK NUMBER
International Standard Book Number 9789392998683
040 ## - CATALOGING SOURCE
Language of cataloging eng
Transcribing agency SDCL
041 ## - LANGUAGE CODE
Language code of text/sound track or separate title hin
Source of code hin
084 ## - COLON CLASSIFICATION NUMBER
Classification number O152,3N17x R3
100 ## - MAIN ENTRY--PERSONAL NAME
Personal name Prakash
245 #0 - TITLE STATEMENT
Title Swayam Prakash :
Remainder of title Chuni hui Kahaniya
246 ## - VARYING FORM OF TITLE
Title proper/short title स्वयं प्रकाश
Remainder of title चुनी हुई कहानियाँ
260 ## - PUBLICATION, DISTRIBUTION, ETC.
Place of publication, distribution, etc. Delhi:
Name of publisher, distributor, etc. Nayee Kitab Prakashan,
Date of publication, distribution, etc. 2023.
300 ## - PHYSICAL DESCRIPTION
Extent 152p.
650 ## - SUBJECT ADDED ENTRY--TOPICAL TERM
Topical term or geographic name entry element Hindi
942 ## - ADDED ENTRY ELEMENTS (KOHA)
Koha item type Textual
Source of classification or shelving scheme Colon Classification (CC)
999 ## -
-- 1429322
-- 1429322
Holdings
Withdrawn status Lost status Source of classification or shelving scheme Damaged status Not for loan Home library Current library Date acquired Source of acquisition Inventory number Total checkouts Full call number Barcode Date due Date last seen Date last checked out Price effective from Koha item type
    Colon Classification (CC)     South Campus Library South Campus Library 2025-05-22 Nayee Kitab Prakashan NKP-1123/24-25, 19/12/2024 1 O152,3N17x R3 SC1808652 2025-09-08 2025-08-25 2025-08-25 2025-05-22 Textual
Copyright @ Delhi University Library System